| 000 | 02141nam a2200445 a 4500 | ||
|---|---|---|---|
| 999 |
_c109487 _d109487 |
||
| 003 | BLK | ||
| 005 | 20240320110525.0 | ||
| 008 | 180409b bul|||||r ||||||| ||bul|| | ||
| 010 | _aKNG00114804000 | ||
| 020 | _a954-01-1431-4 | ||
| 040 | _aBLK | ||
| 041 |
_aBUL _cBUL |
||
| 080 |
_aРодинознание _b372.48 _x(075.2) _z372.48(075.2) |
||
| 080 |
_aМетодика по природознание _b372.850.2 _x(075.2) _z372.850.2(075.2) |
||
| 080 |
_aОрганизация на възпитанието и образованието. Училищно дело. _b37.09 _x.035(075.2) _z37.09.035(075.2) |
||
| 100 | 1 |
_aВасилева, Емилия Любомирова _d1948 - _gПедагог. Автор на поезия _946132 |
|
| 139 |
_aВасилева, Емилия Любомирова и др. _bВ 24 |
||
| 245 | 1 | 0 |
_aОколен свят за ІІ клас _cЕмилия Любомирова Василева; съавт. Силвия Илиева Цветанска. |
| 257 | _aBGR | ||
| 260 |
_bПросвета _c2003 - _fРусе : Дунав прес _aСофия |
||
| 300 |
_a64 с. _bс цв. ил. _c26 см |
||
| 380 | _a3 | ||
| 500 | _aАвт. не са отбелязани на кор. - Офс. изд. | ||
| 650 | 4 |
_aРодинознание - учебници за основни училища _9242510 |
|
| 650 | 4 |
_aПриродознание - тестове - учебници за основни училища _9242378 |
|
| 650 | 4 |
_aГражданско образование - учебници _9246377 |
|
| 653 | _aродинознание | ||
| 653 | _aприродознание | ||
| 653 | _aгражданско образование | ||
| 653 | _aІІ кл. | ||
| 653 | _aучебници за основни училища | ||
| 700 | 1 |
_aЦветанска, Силвия Илиева _eсъавт. _9139464 |
|
| 852 | _aЦб ІІ 12771 | ||
| 856 | 4 | _qpdf | |
| 856 | 4 | _qpdf | |
| 942 |
_cKNG _n0 _s1 _01 |
||
| 944 |
_aCR _c26.08.2004 _lГеновева Генчева _k30560 |
||
| 944 |
_aED _c01.04.2018 _lф / _kВиолета_Тройчева |
||
| 999 | _d109487 | ||